00767nam a2200205 a 450000500170000000800410001702000180005805000220007610000160009824500310011426000400014530000230018552001230020865000320033165000250036365000210038865000190040999900190042895201140044720140412111257.0030414s19uu xx 00 eng d a0-679-88084-4 aTR(PS EbIt1 1986 aLionni, Leo aIt's mine!. /cLeo Lionni. aNew York :bDragonfly Books,c1986. a1 v. (unp.) ; ill. aThree selfish forgs quarrel over who owns their pond and island, until storm makes them value the benefits of sharing. aChilren's stories, American aSelfishness--Fiction aSharing--Fiction aFrogs--Fiction c103247d103247 00104050aELbELcTRd2003-04-14eDonationl0oTR(PS E It1 1986pE4138r2014-04-12 00:00:00w2014-04-12yBK